000
00205nam a22000977a 4500
020
_a
9788184827071
082
_a
K930
245
_a
CLEVER MINISTERS - 3 IN 1 - AMAR CHITRA KATHA
300
_a
32P
942
_c
BK
999
_c
8602
_d
8602